[Event "Sofia MGU op 186th"]
[Site "Sofia"]
[Date "2017.05.28"]
[Round "6"]
[White "Anavi, David"]
[Black "Simeonov, Daniel"]
[Result "1-0"]
[WhiteElo "1491"]
[BlackElo "1481"]
[PlyCount "41"]
[EventDate "2017.05.27"]
[EventType "swiss"]
[EventRounds "6"]
[EventCountry "BUL"]
[SourceTitle "CBM 178 Extra"]
[Source "ChessBase"]
[SourceDate "2017.06.22"]
[SourceVersion "1"]
[SourceVersionDate "2017.06.22"]
[SourceQuality "1"]

1. e4 c5 2. c3 Nc6 3. d4 e6 4. Nf3 b6 5. Bf4 d5 6. exd5 exd5 7. Na3 Bd6 8. Bxd6 Qxd6 9. Nb5 Qd8 10. dxc5 bxc5 11. Qxd5 Qxd5 12. Nc7+ Kf8 13. Nxd5 f6 14. Bc4 Ne5 15. Nxe5 fxe5 16. 0-0 Nf6 17. Rfe1 Rb8 18. b3 e4 19. Nxf6 gxf6 20. Rxe4 Rb7 21. Rae1 1-0

[Event "Sofia MGU op 186th"]
[Site "Sofia"]
[Date "2017.05.27"]
[Round "2"]
[White "Bakalov, Vladimir"]
[Black "Anavi, David"]
[Result "0-1"]
[WhiteElo "1371"]
[BlackElo "1491"]
[PlyCount "98"]
[EventDate "2017.05.27"]
[EventType "swiss"]
[EventRounds "6"]
[EventCountry "BUL"]
[SourceTitle "CBM 178 Extra"]
[Source "ChessBase"]
[SourceDate "2017.06.22"]
[SourceVersion "1"]
[SourceVersionDate "2017.06.22"]
[SourceQuality "1"]

1. e4 c5 2. Nf3 e6 3. d4 cxd4 4. Nxd4 Nf6 5. Nc3 Bb4 6. f3 Nc6 7. Be3 0-0 8. Be2 Qa5 9. Qd2 d5 10. Nxc6 bxc6 11. Bd4 dxe4 12. Bxf6 gxf6 13. fxe4 Rd8 14. Qe3 Qg5 15. Qxg5+ fxg5 16. 0-0 Rd2 17. Bd3 Bxc3 18. bxc3 c5 19. c4 Bb7 20. Rf3 f5 21. Rg3 fxe4 22. Rxg5+ Kf7 23. Rf1+ Ke8 24. Rg8+ Kd7 25. Rg7+ Kd6 26. Rxb7 exd3 27. cxd3 h5 28. Rh7 a5 29. Ra1 Rg8 30. g3 Rxd3 31. Rxh5 Rg4 32. Rh4 Rxh4 33. gxh4 Rh3 34. Rd1+ Kc6 35. Re1 Rxh4 36. Rxe6+ Kb7 37. Re7+ Kc6 38. Ra7 Kb6 39. Rd7 Rxc4 40. Rd2 Rc1+ 41. Kf2 c4 42. Ke3 c3 43. Re2 Kb5 44. Kd3 Kb4 45. Re4+ Ka3 46. Rc4 Kb2 47. Rc5 Rd1+ 48. Kc4 c2 49. Rb5+ Ka1 0-1

[Event "Sofia MGU op 181st"]
[Site "Sofia"]
[Date "2017.02.12"]
[Round "4"]
[White "Anavi, David"]
[Black "Mladenov, Andrey"]
[Result "1-0"]
[WhiteElo "1461"]
[BlackElo "1553"]
[PlyCount "71"]
[EventDate "2017.02.11"]
[EventType "swiss"]
[EventRounds "6"]
[EventCountry "BUL"]
[SourceTitle "CBM 176 Extra"]
[Source "ChessBase"]
[SourceDate "2017.03.02"]
[SourceVersion "1"]
[SourceVersionDate "2017.03.02"]
[SourceQuality "1"]

1. e4 c5 2. c3 Nf6 3. e5 Nd5 4. d4 cxd4 5. cxd4 d6 6. Bc4 e6 7. Nf3 Be7 8. 0-0 0-0 9. Bxd5 exd5 10. Nc3 Be6 11. Re1 Nc6 12. Bf4 dxe5 13. dxe5 d4 14. Nb5 Bc5 15. Rc1 Bb6 16. a3 Qd5 17. Nd6 Bg4 18. h3 Bxf3 19. Qxf3 Qxf3 20. gxf3 Rab8 21. b4 a6 22. Red1 f6 23. e6 Bd8 24. Nf5 g6 25. Bxb8 gxf5 26. Bd6 Re8 27. Bc5 Rxe6 28. Bxd4 Bc7 29. Be3 Be5 30. Rd7 b5 31. Kh1 Ne7 32. Rg1+ Kf7 33. Bc5 Bb2 34. Bxe7 Rxe7 35. Rg7+ Kxg7 36. Rxe7+ 1-0

[Event "Sofia MGU op 180th"]
[Site "Sofia"]
[Date "2017.01.22"]
[Round "5"]
[White "Anavi, David"]
[Black "Ruschukov, Boyan"]
[Result "1-0"]
[WhiteElo "1292"]
[BlackElo "1844"]
[PlyCount "89"]
[EventDate "2017.01.21"]
[EventType "swiss"]
[EventRounds "6"]
[EventCountry "BUL"]
[SourceTitle "CBM 176 Extra"]
[Source "ChessBase"]
[SourceDate "2017.03.02"]
[SourceVersion "1"]
[SourceVersionDate "2017.03.02"]
[SourceQuality "1"]

1. e4 c5 2. c3 Nf6 3. e5 Nd5 4. d4 cxd4 5. cxd4 d6 6. Bc4 Nb6 7. Bb3 Nc6 8. f4 dxe5 9. dxe5 Qxd1+ 10. Bxd1 Nb4 11. Ne2 Nd3+ 12. Kf1 Nxc1 13. Nxc1 Bd7 14. Bf3 Rc8 15. Nc3 Nc4 16. Bxb7 Rb8 17. Ba6 Nxb2 18. Rb1 e6 19. Nd3 Rb6 20. Rxb2 Rxa6 21. Rb8+ Ke7 22. Kf2 Rb6 23. Rxb6 axb6 24. Rb1 Kd8 25. Rxb6 Kc7 26. Rb2 Be7 27. Ke3 Ra8 28. Ne4 h6 29. Nec5 Bc6 30. g4 Ra3 31. Kd2 Ra5 32. Nb3 Rd5 33. Ke3 f6 34. Rc2 Kb6 35. Nd4 Bd7 36. Rb2+ Kc7 37. Ke4 Ra5 38. f5 Ra4 39. Rc2+ Kb6 40. fxe6 Be8 41. Ke3 Bg6 42. Rc6+ Kb7 43. exf6 Bxf6 44. Nc5+ Kb8 45. Nxa4 1-0